Réciter la chanson "I Want It That Way" - Statistiques

Statistiques générales
  • Ce quiz a été pris 78 fois
  • Le résultat moyen est 55 sur 66
Statistiques - réponses
Réponse % Correct
a
98%
a
98%
I
96%
I
96%
I
96%
I
96%
I
96%
it
96%
it
96%
it
96%
that
96%
That
96%
that
96%
that
96%
want
96%
want
96%
want
96%
way
96%
way
96%
way
96%
when
96%
When
96%
You
93%
you
93%
you
93%
me
91%
me
91%
me
91%
why
89%
why
89%
why
89%
are
88%
are
88%
my
88%
Tell
88%
Tell
88%
Tell
88%
desire
86%
The
86%
fire
84%
one
82%
say
82%
say
82%
say
82%
But
81%
but
81%
but
81%
nothing
81%
nothing
81%
hear
79%
Believe
77%
Ain't
72%
Ain't
72%
heart
70%
we
68%
never
61%
mistake
60%
to
60%
wanna
56%
heartache
54%
your
47%
apart
46%
two
44%
worlds
44%
Can't
40%
reach
40%
Aucun quiz correspondant
Distribution des résultats
% des personnes avec chaque résultat
Percentile par nombre de réponses
Votre historique - résultats
Vous n’avez pas pris ce quiz